000 00361nam a2200145Ia 4500
100 _aHarris/J.N/ Gray/ P.E
650 _aDigital electronics
942 _cBK
654 _adigital electronics
245 _aDigital Transister Circuits
260 _bWILEY EASTERN LIMITED
_aNew Delhi
_c1973
082 _a621.3815304
_bHA
300 _a221
546 _aENGLISH
999 _c28719
_d28719